| 000 | 00381nam a2200145Ia 4500 | ||
|---|---|---|---|
| 008 | 230917s9999||||xx |||||||||||||| ||und|| | ||
| 040 |
_e95920 _aMAIN |
||
| 041 | _aEnglish | ||
| 082 | _a546.22 G793W | ||
| 100 | _aGray, N F | ||
| 245 | 0 | _aWater technology: An introduction for scientists and engineers | |
| 260 |
_aNew Delhi _bViva _c2000 |
||
| 300 | _avii, 548 p. | ||
| 942 | _cBK | ||
| 999 |
_c115163 _d115163 |
||